00319nam a2200121Ia 4500008004100000041000800041082001400049100002000063245003900083260004200122300002400164365000900188240624s9999 xx 000 0 und d aeng a332.6 FAB aFABOZZI FRANK J aADVANCED BOND PORTFOLIO MANAGEMENT c2005aNew JerseybJohn Wiley and Sons a558 : p. : cm. ; 24 cb30